Organs Of The Digestive System In A Picture - Statistics

General Stats
  • This quiz has been taken 628 times
  • The average score is 8 of 14
Answers on the Map
Answers color-coded by a green-red scale on the quiz's map according to % correct below.
 
Answer Stats
Answer % Correct
Esophagus
74%
Anus
72%
Liver
72%
Stomach
71%
Large intestine
64%
Small intestine
64%
Tongue
56%
Pancreas
52%
Throat
51%
Salivary glands
48%
Teeth
47%
Gall bladder
45%
Oral cavity
40%
Duodendum
36%
No matching quizzes found
Score Distribution
Percent of People with Each Score
Percentile by Number Answered
Your Score History
You have not taken this quiz